00829nam a2200229 i 4500003000900000005001700009007000300026008004100029020001800070040003100088041000800119082001700127100005400144245008200198264007300280300004500353336003300398337003400431338002900465500007300494504003200567DO-SdBNP20250509094601.0ta250509b2025 dr a|||| |||| 00| 0 spa d a9789945656091 aDO-SdBNPbspacBNPHU erda aspa 4axxxbxxx222 aRodríguez Castro, Duleidysd1982 -4aut.eautor14aLos Pulá de San Cristóbal de los ingenios /cDuleidys Rodríguez Castro. aSanto Domingo, República Dominicana :bEditorial Santuario,c2025. a53 páginas :bilustraciones ;c24 cm.  ardacontent btxt2rdacontent asin mediación bn2rdamedia avolumenbnc2rdacarrier  aIncluye referencias bibliográficas y notas al pie de las páginas aBibliografía: página 53